|
|
|
|
| LEADER |
00000cam a2200000 a 4500 |
| 001 |
vtls011633749 |
| 003 |
SK-MaSNL |
| 005 |
20260301093945.0 |
| 008 |
251112 1740 pl ab 001 0 ger |
| 015 |
|
|
|a SNBHFA1740
|
| 020 |
|
|
|q (viaz.)
|
| 035 |
|
|
|a urn:nbn:sk:snk-am00cst9
|
| 035 |
|
|
|a urn:nbn:sk:snk-am3huqt
|
| 035 |
|
|
|a 4BF3EF87-5180-4E4E-B746-2AE850840757
|
| 040 |
|
|
|a SNK
|b slo
|c SNK
|e AACR2
|
| 041 |
0 |
|
|a ger
|
| 044 |
|
|
|a pl
|c PL
|
| 072 |
|
7 |
|a 22
|x Biblia
|2 konspekt
|
| 072 |
|
7 |
|a 91
|x Geografia
|2 konspekt
|
| 080 |
|
|
|a 9
|2 2011
|
| 100 |
1 |
|
|a Schmidt, Johann Jacob,
|d 1690-1757
|4 aut
|4 dto
|9 427053
|
| 245 |
1 |
|
|a Johann Jacob Schmidts, Predigers zu Peest und Palow, Biblischer Geographus, Oder, Vollständige Beschreibung aller in der H. Schrift benanten Länder und Städte, oder zur Geographie gehörigen Oerter und Sachen
|b Mit Mathematischen, Philologischen, Physicalischen, Moralischen, Politischen, Historischen und Theologisch-Mystischen Anmerckungen durchgehends versehen, wie auch mit der neuesten Geographie verglichen, und mit 15. accurat und sauber gestochenen Land-Charten erläutert. Als ein Anhang ist beygefüget Herrn George Sarganecks Zeugniss für die Göttliche Wahrheit, gegen einige dunckele Zweifel, welche wider das gantze Werck unserer Erlösung aus der verderbten Vernunft einer unvorsichtigen Betrachtung des grossen Welt-Gebäudes, in den finstern Hertzen aufsteigen können
|
| 246 |
3 |
|
|a Vollständige Beschreibung aller in der H. Schrift benanten Länder und Städte, oder zur Geographie gehörigen Oerter und Sachen
|
| 260 |
|
|
|a Züllichau
|b in Verlegung des Waysenhauses bey Gottlob Benjamin Frommann
|c 1740
|
| 300 |
|
|
|a [26], 862, [70] s.
|b mapy
|c 20 cm
|
| 500 |
|
|
|a Frontispice s portrétom autora, vlysy, koncové vinety, kustody
|
| 501 |
|
|
|a Príväzok 1.: SARGANECK, George. Ein geringes Zeugniß... - Züllichau: in Verlegung des Waysenhauses bey Gottlob Benjamin Frommann, 1740.
|5 SNK IC 143456, prív. 1
|
| 504 |
|
|
|a Poznámky a vysvetlivky pod textom
|
| 504 |
|
|
|a Predslov, registre
|
| 508 |
|
|
|a Venovanie autora Ottovi Christophovi von Bodewils a Friedrichovi Wilhelmovi von Bodewils
|
| 510 |
4 |
|
|a VD 18
|c 14544423
|
| 561 |
|
|
|a Z knižnice Učenej spoločnosti malohont.
|5 SNK IC 143456
|
| 561 |
|
|
|a Peter Kubinyi.
|5 SNK IC 143456
|
| 650 |
0 |
7 |
|a biblická geografia
|2 SNKPH
|9 73859
|
| 700 |
1 |
|
|a Bodewils, Otto Christoph
|4 hnr
|9 427054
|
| 700 |
1 |
|
|a Bodewils, Friedrich Wilhelm
|4 hnr
|9 427055
|
| 700 |
1 |
|
|a Kubíni, Peter,
|d 1765-1835
|4 fmo
|9 185995
|
| 710 |
0 |
|
|a Fromman, Gottlob Benjamin (Sulechów, Poľsko)
|4 prt
|9 427056
|
| 710 |
2 |
|
|a Učená spoločnosť malohontská
|4 fmo
|9 205374
|
| 752 |
|
|
|a Poľsko
|d Sulechów
|
| 852 |
|
|
|a snk
|b Historické fondy
|p IC 143456
|
| 958 |
|
|
|a ONDV
|
| 999 |
|
|
|c 678739
|d 680669
|
| 952 |
|
|
|t MHC II.A.c.1
|a SNK
|b SNK
|c SNK_HF
|y PREZ
|7 0
|p 17A1130286
|o snkIC 143456
|i snk2017/12683
|8 5
|0 0
|1 0
|4 0
|d 2017-05-31
|f 1
|l 0
|r 2026-02-23 19:49:32
|w 2026-02-23
|